2025 F1 season - Statistics

General Stats
  • This quiz has been taken 27 times
  • The average score is 10 of 13
Answer Stats
Hint Answer % Correct
How many rookie drivers have made the podium this year 2
86%
How many Ferrari double DNF/DSQ have occured this year 3
86%
Who is the only driver to have won a home race this year Lando Norris
86%
How many drivers finished the australian gp? 14
81%
Which two drivers were announced as the starting lineup for Caddilac f1 team in 2026 Bottas and Perez
81%
Nico Hulkenburg made history this year by securing his first podium and the first ever podium for sauber. What race did he do this in? British GP
81%
Which race featured a driver parade where the drivers raced lego cars Miami
76%
Who took the first grand chelem of the season Oscar Piastri
76%
Who took the first sprint victory of the year Sir Lewis Hamilton
71%
The minimum driver weight increased from 80kg to what? 82kg
67%
The first starting grid of the year featured 19 cars. Which driver failed to start the race? Isack Hadjar
62%
What new rule was introduced for the Monaco GP? mandatory two-stop strategy
57%
What was Yuki Tsunoda's first race in the Red Bull Suzuka
48%
No matching quizzes found
Score Distribution
Percent of People with Each Score
Percentile by Number Answered
Your Score History
You have not taken this quiz